ბათუმის შოთა რუსთაველის სახელმწიფო უნივერსიტეტის ბიბლიოთეკა

ნაცვალსახელი ქართველურ ენებში = Местоимение в картвельских языках (ბიბ.ჩანაწერი № 52491)

000 -LEADER
fixed length control field 01061nam a2200241Ia 4500
001 - CONTROL NUMBER
control field 19514
003 - CONTROL NUMBER IDENTIFIER
control field GE_BSU
008 - FIXED-LENGTH DATA ELEMENTS--GENERAL INFORMATION
fixed length control field 181216s||||||||xx |||||||||||||| ||und||
040 ## - CATALOGING SOURCE
Transcribing agency GE_BSU
080 ## - UNIVERSAL DECIMAL CLASSIFICATION NUMBER
Universal Decimal Classification number 811.353'367.626
100 ## - MAIN ENTRY--PERSONAL NAME
Personal name მარტიროსოვი , არამ.
245 ## - TITLE STATEMENT
Title ნაცვალსახელი ქართველურ ენებში = Местоимение в картвельских языках
245 ## - TITLE STATEMENT
Remainder of title ისტორიულ შედარებითი ანალიზი
245 ## - TITLE STATEMENT
Statement of responsibility, etc. რედაქტორი : თ. შარაშენიძე
260 ## - PUBLICATION, DISTRIBUTION, ETC.
Place of publication, distribution, etc. თბილისი
260 ## - PUBLICATION, DISTRIBUTION, ETC.
Name of publisher, distributor, etc. საქართველოს სსრ მეცნიერებათა აკადემიის გამომცემლობა
260 ## - PUBLICATION, DISTRIBUTION, ETC.
Date of publication, distribution, etc. 1964
300 ## - PHYSICAL DESCRIPTION
Extent 402გვ;22სმ.
653 ## - INDEX TERM--UNCONTROLLED
Uncontrolled term ნაცვალსახელი ქართველურ ენებში.
653 ## - INDEX TERM--UNCONTROLLED
Uncontrolled term ქართული ენა
942 ## - ADDED ENTRY ELEMENTS (KOHA)
Koha item type წიგნი
ეგზემპლარები
Withdrawn status Lost status Damaged status Not for loan Date acquired Barcode Date last seen Price effective from Koha item type
        2018-12-17 48634 2018-12-17 2018-12-17 წიგნი
        2018-12-17 48635 2018-12-17 2018-12-17 წიგნი